000 00440nam a2200193Ia 4500
005 20240823053215.0
008 240823s9999||||xx |||||||||||||| ||und||
020 _a978-81-203-5091-5
041 _aENGLISH
082 _A691 Q5
100 _aVarghese P C
245 0 _aBuilding Materials
250 _a2nd
260 _c2015
_b"PHI,New "
_aNew Delhi
500 _aYES
650 _aBuilding
_bCivil
942 _cBK
999 _c223648
_d223648